| 000 | 00928cam a22002894a 4500 | ||
|---|---|---|---|
| 008 | |||
| 020 | _a9781137024923 (pbk. ) | ||
| 049 | _aMAIN | ||
| 050 | 0 | 0 |
_aHF5718 _bBAR |
| 100 | 1 | _aBargiela-Chiappini, Francesca. | |
| 245 | 1 | 0 |
_aBusiness discourse / _cFrancesca Bargiela-Chiappini, Catherine Nickerson and Brigitte Planken. |
| 250 | _a2nd ed. | ||
| 260 |
_aBasingstoke : _bPalgrave Macmillan, _c2007. |
||
| 300 |
_axiv, 359 p. ; _c23 cm. |
||
| 440 | 0 | _aResearch and practice in applied linguistics | |
| 504 | _aIncludes bibliographical references. | ||
| 500 | _aIncludes index. | ||
| 650 | 0 | _aBusiness communication. | |
| 650 | 0 |
_aEnglish language _xBusiness English. |
|
| 700 | 1 | _aNickerson, Catherine. | |
| 700 | 1 | _aPlanken, Brigitte Chantal. | |
| 907 |
_a.b10393109 _b02-10-18 _c28-09-18 |
||
| 003 | |||
| 005 | 20230123141127.0 | ||
| 040 | _cNUST | ||
| 942 | _cBOOKS | ||
| 999 |
_c168148 _d168148 |
||